Webster's Third New International Dictionary of the English Language Unabridged And Britannica World Language Dictionary
Uložené v:
| Médium: | Kniha |
|---|---|
| Jazyk: | English |
| Vydavateľské údaje: |
Chicago
Encyclopaedia Britannica
1986
|
| Vydanie: | 1. ed. |
| Tagy: |
Žiadne tagy, Buďte prvý, kto otaguje tento záznam!
|
MARC
| LEADER | 00000nam a2200000 4500 | ||
|---|---|---|---|
| 001 | c001842 | ||
| 005 | 20221220073319.8 | ||
| 020 | |a 0-85229-503-0 | ||
| 041 | 0 | |a eng | |
| 044 | |a US | ||
| 245 | 1 | 0 | |a Webster's Third New International Dictionary of the English Language Unabridged |b And Britannica World Language Dictionary |
| 250 | |a 1. ed. | ||
| 264 | 1 | |a Chicago |b Encyclopaedia Britannica |c 1986 | |
| 300 | |a 1994-3135 s. | ||